Holiday Quiz

Random Holiday or Year Quiz

Surprising Alternatives to a Leap Year Quiz Stats

 Plays Quiz not verified by Sporcle

Score 0/12 Timer 02:00
0 Plays Today
% Correct
Bleep Year
96.9%
Sweep Year
94.9%
Cheap Year
94.4%
Weep Year
93.6%
Jeep Year
93.3%
Steep Year
92.8%
Keep Year
92.8%
Meep Year
92.7%
Sheep Year
91.1%
Creep Year
91%
Deep Year
88.6%
Sleep Year
87.9%

You're not logged in!

Compare scores with friends on all Sporcle quizzes.
OR
Log In

Show Comments

Extras

Top Quizzes Today


Score Distribution

Your Account Isn't Verified!

In order to create a playlist on Sporcle, you need to verify the email address you used during registration. Go to your Sporcle Settings to finish the process.

Report this User

Report this user for behavior that violates our Community Guidelines.

Details: